ARRUPE JESUIT UNIVERSITY

CORONAVIRUS -STOP THE SPREAD - CLEAN,DISINFECT,COVER

Ghana (Record no. 1370)

MARC details
000 -LEADER
fixed length control field 00479nam a2200205Ia 4500
003 - CONTROL NUMBER IDENTIFIER
control field 0100
008 - FIXED-LENGTH DATA ELEMENTS--GENERAL INFORMATION
fixed length control field 130227s9999 xx 000 0 und d
040 ## - CATALOGING SOURCE
Transcribing agency ARRUPELIB
050 ## - LIBRARY OF CONGRESS CALL NUMBER
Classification number DT512.G411 2007
100 ## - MAIN ENTRY--PERSONAL NAME
Personal name Amamoo, Joseph Godson
9 (RLIN) 32250
245 ## - TITLE STATEMENT
Title Ghana
245 ## - TITLE STATEMENT
Remainder of title 50 years of independence
260 ## - PUBLICATION, DISTRIBUTION, ETC. (IMPRINT)
Name of publisher, distributor, etc Jafint Ent.
Place of publication, distribution, etc Accra, Ghana
Date of publication, distribution, etc 2007
300 ## - PHYSICAL DESCRIPTION
Extent xvi
300 ## - PHYSICAL DESCRIPTION
Other physical details 617p. 24cm.
650 ## - SUBJECT ADDED ENTRY--TOPICAL TERM
Topical term following geographic name as entry element Ghana
General subdivision History
Chronological subdivision 1957
9 (RLIN) 32249
650 ## - SUBJECT ADDED ENTRY--TOPICAL TERM
Topical term or geographic name as entry element Ghana
General subdivision Politics
Chronological subdivision 2001
9 (RLIN) 32251
650 ## - SUBJECT ADDED ENTRY--TOPICAL TERM
Topical term or geographic name as entry element Ghana
General subdivision Politics
Chronological subdivision 1979 - 2001
9 (RLIN) 32252
650 ## - SUBJECT ADDED ENTRY--TOPICAL TERM
Topical term or geographic name as entry element Ghana
General subdivision Politics
Chronological subdivision 1957 - 1979
9 (RLIN) 32225
942 ## - ADDED ENTRY ELEMENTS (KOHA)
Source of classification or shelving scheme Library of Congress Classification
Item type Monograph ( Printed materials)
Holdings
Withdrawn status Lost status Source of classification or shelving scheme Damaged status Not for loan Collection code Home library Current library Shelving location Date acquired Total Checkouts Full call number Barcode Date last seen Date last borrowed Copy number Price effective from Koha item type
    Library of Congress Classification     Main Collection ARRUPE LIBRARY ARRUPE LIBRARY   27/02/2013 1 DT512.G411 2007 46401854 07/12/2017 19/10/2017 1 27/02/2013 Monograph ( Printed materials)

 

Arrupe Library. PO Box MP320 Mt Pleasant, Harare, Zimbabwe
263 242 745411|librarian@aju.ac.zw